000 00548nam a2200169 4500
001 139873
003 ES-MaACL
005 20230906195931.0
007 t|
008 070214s1970 sp r ||||1| spa d
100 1 _aSchlink, Basilea.
_9104426
245 1 0 _aRealidades
_b: experiencias actuales de la acción de Dios /
_cBasilea Schlink ; [la traducción... por Emilio Prieto Martín].
260 _aMadrid :
_bMarova,
_c1970.
300 _a223 p. ;
_c19 cm.
700 1 _aPrieto Martín, Emilio.
_993934
852 _aES-MaACL
_jC-50590
_bR.73683
999 _c139873
_d139873